000 00317nam a22001457a 4500
020 _a978-1466556423
041 _aENG
100 _aRao.M.A
245 _aEngineering Prpoertis of Foods
260 _aNew York
_bMarrcel Dekker
_c1986
300 _a396
650 _aAPE
700 _aRizvi.S.S.H
856 _uAPE ( 3 )
999 _c2511
_d2511